| 000 | 00522nam a22001697a 4500 | ||
|---|---|---|---|
| 005 | 20251108165918.0 | ||
| 008 | 250721s1996 xx 000 0 ara d | ||
| 082 | 1 | 4 | _aق/مور |
| 100 | 1 | _aمورافيا، البرتو | |
| 245 | 1 | 0 | _aالزوجة الجامحة و قصص أخرى / |
| 264 | 1 |
_aعمان : _bدار النسر للنشر و التوزيع، _c1996. |
|
| 300 | _a175ص | ||
| 650 | 1 | 7 | _aالأدب القصصي |
| 700 | 1 |
_aنصار، سمير عزت _eترجمة |
|
| 942 |
_2ddc _cBK |
||
| 999 |
_c34601 _d34601 |
||